| 000 | 00335nam a2200121Ia 4500 | ||
|---|---|---|---|
| 008 | 240731s9999 xx 000 0 und d | ||
| 022 | _a1475-3626 | ||
| 245 | 0 | _aPsychodynamic Practice : Individuals, Groups and Organisations | |
| 260 | _bRoutledge | ||
| 856 | _uhttps://www.tandfonline.com/loi/rpco20 | ||
| 942 | _2ddc | ||
| 942 | _cTFEJ | ||
| 999 |
_c79071 _d79071 |
||
| 945 |
_a1 _bMadushi Gamage _c1 _dMadushi Gamage |
||